000 00298nam a22001337a 4500
008 171018b xxu||||| |||| 00| 0 eng d
020 _a9780198776321
041 _aeng
080 _a338
100 _a53
101 _aMNG
245 _aECONOMICS OF MONETARY UNION
_cGRAUWE, P.D
942 _2udc
_cBK
999 _c34528
_d34528